Diritto e tempo nella tradizione europea

Gardado en:
Detalles Bibliográficos
Autor Principal: Bretone, Mario (Author)
Formato: Libro
Idioma:Lingua italiana
Publicado: Roma Laterza 1998
Edición:3a. ed
Series:Quadrante, 71
Subjects:
Tags: Engadir etiqueta
Sen Etiquetas, Sexa o primeiro en etiquetar este rexistro!

MARC

LEADER 00000nam a2200000 a 4500
001 UCP7796
003 CL-VaPUC
008 991223e19980000IT |||||||||||||||||ita|d
082 0 4 |a 340.09  |b BRE  |2 21 
100 0 |a Bretone, Mario  |e author  |9 437376 
245 1 0 |a Diritto e tempo nella tradizione europea 
250 |a 3a. ed 
300 |a 223 p 
942 |c BK 
945 |d 19991223 00:00:00  |a vberengu 
260 |a Roma  |b Laterza  |c 1998 
650 7 |a DERECHO ANTIGUO  |2 CL-VaPUC  |9 437377 
650 0 |a Derecho Romano Historia  |9 257631 
650 0 |a Hermenéutica jurídica   |9 380798 
650 0 |a Teoría del derecho  |9 255982 
583 |a last modification  |c 19991223 00:00:00  |k Rodrigo Vera 
490 0 |a Quadrante, 71 
999 |c 284842  |d 284840 
952 |0 0  |1 0  |4 0  |6 340_090000000000000_BRE_1998  |7 0  |8 DER_ROM  |9 329100  |a BIBDER  |b BIBDER  |d 2019-11-20  |i 3582442  |l 3  |o 340.09 BRE 1998  |p 3582442  |r 2023-01-25  |s 2022-01-05  |w 2019-11-20  |x Ubicación 4to piso  |y BK  |z Este recurso debe solicitarse con anticipación  |k DER